Statistics for Name all the countries with a population of 5.0 - 7.49 Million (n=20)

Click here to take the quiz!

General Stats

  • This quiz has been taken 18 times
    (17 since last reset)
  • The average score is 12 of 20

Answer Stats

Answer% Correct
3Denmark
94%
6Finland
88%
12Norway
88%
1Bulgaria
76%
13Oman
76%
2Costa Rica
71%
14Paraguay
71%
18Slovakia
71%
11Nicaragua
65%
16Serbia
65%
17Singapore
65%
8Laos
59%
9Lebanon
59%
4El Salvador
53%
7Kyrgyzstan
53%
19Togo
53%
20Turkmenistan
47%
5Eritrea
35%
15Republic of the Congo
35%
10Libya
24%

Score Distribution

Percentile by Number Answered

Percent of People with Each Score

Your Score History

You have not taken this quiz since the last reset